[Event "4. Bayer Open"]
[Site "Leverkusen"]
[Date "2007.03.12"]
[Round "6"]
[White "Cordts, Ingo"]
[Black "Rotstein, Jefim"]
[Result "1/2-1/2"]
[WhiteElo "2296"]
[BlackElo "2269"]
[PlyCount "121"]
[EventDate "2007.??.??"]
[EventType "swiss"]
[EventRounds "7"]
[EventCountry "GER"]
[Source "Manfred Birnkot"]
[SourceDate "2007.03.26"]

1. e4 c5 2. Nc3 Nc6 3. Nf3 g6 4. d4 cxd4 5. Nxd4 Bg7 6. Nde2 Nf6 7. g3 b5 8.
Bg2 Rb8 9. O-O O-O 10. Re1 d6 11. h3 b4 12. Nd5 Nd7 13. c3 bxc3 14. Nexc3 Nc5
15. Na4 Nxa4 16. Qxa4 Bd7 17. Rb1 a5 18. Qd1 Nb4 19. Nxb4 Rxb4 20. b3 Bc6 21.
Bd2 Rb8 22. Rc1 Qb6 23. Be3 Qb7 24. Bd4 Rfc8 25. Bxg7 Kxg7 26. Rc3 f6 27. Qd4
Qb4 28. Qxb4 axb4 29. Rc4 Bd7 30. Rec1 Be6 31. Rc7 Kf7 32. Kf1 Ke8 33. Ke2 Kd8
34. Rxc8+ Rxc8 35. Rxc8+ Bxc8 36. Kd3 Ba6+ 37. Kd4 Kd7 38. h4 e5+ 39. Kd5 Bd3
40. Bh3+ Ke7 41. f3 Be2 42. f4 Bd3 43. h5 gxh5 44. fxe5 fxe5 45. Bf5 h6 46. Bg6
Bb1 47. Bxh5 Bxa2 48. Kc4 Bb1 49. Bf3 Kd7 50. Kxb4 Bd3 51. Ka5 d5 52. exd5 e4
53. Bg4+ Kd6 54. Kb4 Kxd5 55. Kc3 Bb5 56. Kd2 Kd4 57. Be2 Bc6 58. b4 Bd7 59.
Ba6 Be6 60. Be2 Bd7 61. Ba6 1/2-1/2

[Event "4. Bayer Open"]
[Site "Leverkusen"]
[Date "2007.03.12"]
[Round "5"]
[White "Ljuboschitz, Alexander"]
[Black "Mladenov, Svetlin"]
[Result "0-1"]
[WhiteElo "2102"]
[BlackElo "2304"]
[PlyCount "77"]
[EventDate "2007.??.??"]
[EventType "swiss"]
[EventRounds "7"]
[EventCountry "GER"]
[Source "Manfred Birnkot"]
[SourceDate "2007.03.26"]

1. e4 c5 2. Nf3 e6 3. d4 cxd4 4. Nxd4 Nc6 5. Nc3 Qc7 6. Be3 a6 7. Bd3 Nf6 8.
O-O Be7 9. Nxc6 bxc6 10. f4 d5 11. Qf3 Bb7 12. e5 Nd7 13. Ne2 g6 14. c3 c5 15.
Qf2 O-O 16. a3 a5 17. Rac1 a4 18. Rce1 Ba6 19. Bxa6 Rxa6 20. Kh1 Nb6 21. Ng1
Nc4 22. Bc1 Rb6 23. Re2 Qb7 24. Nf3 Rb8 25. f5 exf5 26. Bg5 Bxg5 27. Nxg5 h6
28. Nf3 Qe7 29. Qg3 Re6 30. Qf2 Nxe5 31. Nxe5 Rxe5 32. Rxe5 Qxe5 33. Qxc5 Rxb2
34. Qc6 Qe4 35. Rg1 h5 36. h3 Kg7 37. Qc7 f4 38. c4 f3 39. cxd5 0-1

[Event "4. Bayer Open"]
[Site "Leverkusen"]
[Date "2007.03.12"]
[Round "6"]
[White "Vasiljev, Jurij"]
[Black "Negele, Michael"]
[Result "1/2-1/2"]
[WhiteElo "2058"]
[BlackElo "2173"]
[PlyCount "46"]
[EventDate "2007.??.??"]
[EventType "swiss"]
[EventRounds "7"]
[EventCountry "GER"]
[Source "Manfred Birnkot"]
[SourceDate "2007.03.26"]

1. d4 f5 2. c4 Nf6 3. Nc3 e6 4. Nf3 Bb4 5. Qb3 c5 6. d5 O-O 7. Bf4 Ne4 8. Rd1
d6 9. dxe6 Bxe6 10. a3 Bxc3+ 11. bxc3 Nc6 12. e3 Na5 13. Qc2 Bxc4 14. Bxc4+
Nxc4 15. Qb3 d5 16. Qxb7 Nxc3 17. Rd3 Qa5 18. O-O Ne2+ 19. Kh1 Nxf4 20. exf4
Nb6 21. Ne5 Rab8 22. Qc7 Rbc8 23. Qb7 Rb8 1/2-1/2

[Event "4. Bayer Open"]
[Site "Leverkusen"]
[Date "2007.03.12"]
[Round "6"]
[White "Scharff, Klaus"]
[Black "Marcziter, Dmitrii"]
[Result "1/2-1/2"]
[WhiteElo "1922"]
[BlackElo "2165"]
[PlyCount "106"]
[EventDate "2007.??.??"]
[EventType "swiss"]
[EventRounds "7"]
[EventCountry "GER"]
[Source "Manfred Birnkot"]
[SourceDate "2007.03.26"]

1. d3 d5 2. e3 e5 3. h3 f5 4. g3 Nf6 5. Ne2 c5 6. Bg2 Nc6 7. Nd2 g6 8. O-O Bg7
9. e4 O-O 10. f4 dxe4 11. dxe4 fxe4 12. fxe5 Nxe5 13. Nxe4 Nxe4 14. Rxf8+ Qxf8
15. Qd5+ Kh8 16. Qxe4 Bf5 17. Qxb7 Re8 18. Nc3 Bxc2 19. Bf4 Nc4 20. Rf1 Bd3 21.
Rf3 Bf5 22. g4 Bc8 23. Qd5 Be6 24. Qc6 Bd4+ 25. Kh2 Ne5 26. Bxe5+ Bxe5+ 27. Kh1
Qg8 28. Qxc5 Qg7 29. Re3 Bg8 30. Bd5 Qf6 31. Rf3 Bxd5 32. Qxd5 Qg5 33. Qf7 Rd8
34. Rf2 Bd4 35. Rf1 Qe3 36. Qf3 Qh6 37. Ne4 Bxb2 38. g5 Qg7 39. Nf6 Bd4 40. Rb1
Bb6 41. a4 Qf7 42. a5 Bxa5 43. Rb7 Rd1+ 44. Kg2 Rd2+ 45. Kh1 Bc7 46. Rxa7 Rh2+
47. Kg1 Bb6+ 48. Kxh2 Qxa7 49. h4 Qc7+ 50. Kh3 Qc8+ 51. Kg3 Bd4 52. Kg2 Qc2+
53. Kh3 Qc8+ 1/2-1/2

[Event "4. Bayer Open"]
[Site "Leverkusen"]
[Date "2007.03.12"]
[Round "6"]
[White "Keller, Karsten"]
[Black "Krauth, Alexander"]
[Result "1/2-1/2"]
[WhiteElo "2077"]
[BlackElo "2102"]
[PlyCount "68"]
[EventDate "2007.??.??"]
[EventType "swiss"]
[EventRounds "7"]
[EventCountry "GER"]
[Source "Manfred Birnkot"]
[SourceDate "2007.03.26"]

1. Nf3 f5 2. g3 Nf6 3. d4 g6 4. b4 Bg7 5. Bb2 d6 6. Nbd2 O-O 7. Bg2 c6 8. O-O
a5 9. a3 axb4 10. axb4 Rxa1 11. Qxa1 Na6 12. Ba3 Nc7 13. c4 e5 14. c5 e4 15.
cxd6 Nb5 16. Ne5 Qxd6 17. Ndc4 Qe7 18. Bc1 Nd5 19. Bd2 Nxb4 20. Bxb4 Qxb4 21.
e3 Qe7 22. Rb1 Be6 23. Bf1 g5 24. Na5 f4 25. Naxc6 bxc6 26. Nxc6 Qf6 27. Rxb5
fxg3 28. fxg3 Bd7 29. Qe1 Bxc6 30. Rb6 Qd6 $2 31. Qc1 Bxd4 32. Qc4+ Qd5 33.
Qxd4 Qxd4 34. exd4 Bd7 1/2-1/2

[Event "4. Bayer Open"]
[Site "Leverkusen"]
[Date "2007.03.12"]
[Round "6"]
[White "Hess, Christian"]
[Black "Böhm, Stefan"]
[Result "1-0"]
[WhiteElo "2036"]
[BlackElo "1964"]
[PlyCount "95"]
[EventDate "2007.??.??"]
[EventType "swiss"]
[EventRounds "7"]
[EventCountry "GER"]
[Source "Manfred Birnkot"]
[SourceDate "2007.03.26"]

1. e4 c5 2. Nc3 Nc6 3. Bb5 Nd4 4. Bc4 a6 5. a4 e6 6. Nf3 Ne7 7. Nxd4 cxd4 8.
Ne2 Nc6 9. f4 g6 10. O-O Bg7 11. Ng3 O-O 12. f5 Ne5 13. Bb3 d3 14. Kh1 Qh4 15.
cxd3 Ng4 16. h3 Qxg3 17. Qxg4 Qxd3 18. Qf3 Qxf3 19. Rxf3 Be5 20. d3 b6 21. Be3
d5 22. fxg6 hxg6 23. exd5 Bb7 24. dxe6 Bxf3 25. exf7+ Kg7 26. gxf3 Rad8 27. Rd1
Bd4 28. Bc1 Rh8 29. Kg2 Rh5 30. Re1 Rdh8 31. Re8 Rf8 32. Bf4 Rxf7 33. Bxf7 Kxf7
34. Re2 b5 35. b3 Rc5 36. Be3 Bxe3 37. Rxe3 Rc3 38. axb5 axb5 39. b4 Rb3 40.
Re4 Rxd3 41. Re5 Rb3 42. Rxb5 Kg7 43. Kg3 Kh6 44. Rb8 Rb1 45. b5 Kg5 46. h4+
Kf5 47. b6 Rg1+ 48. Kh2 1-0

[Event "4. Bayer Open"]
[Site "Leverkusen"]
[Date "2007.03.12"]
[Round "6"]
[White "Weiler, Wolfgang"]
[Black "Buchkremer, Felix"]
[Result "1-0"]
[WhiteElo "2070"]
[BlackElo "2051"]
[PlyCount "109"]
[EventDate "2007.??.??"]
[EventType "swiss"]
[EventRounds "7"]
[EventCountry "GER"]
[Source "Manfred Birnkot"]
[SourceDate "2007.03.26"]

1. d4 f5 2. Nf3 Nf6 3. g3 g6 4. Bg2 Bg7 5. c4 d6 6. b4 Nc6 7. b5 Na5 8. Qa4 c6
9. Bd2 b6 10. bxc6 Qc7 11. Nc3 Qxc6 12. Qxc6+ Nxc6 13. Nb5 Kd7 14. d5 Nd8 15.
Rc1 Ne4 16. Be3 a6 {Schwarz bietet Remis an.} 17. Nbd4 Rb8 18. O-O Kc7 19. Rfd1
Bd7 20. Nd2 Nc5 21. N2b3 Re8 22. Nxc5 bxc5 23. Nb3 Ba4 24. Rd3 Nf7 25. f4 Bxb3
26. axb3 Rb7 27. Bd2 Reb8 28. Bc3 Bf6 29. Bxf6 exf6 30. Re3 Kd7 31. Re6 Nd8 32.
Re3 Rxb3 33. Rxb3 Rxb3 34. Ra1 Rb6 35. e4 fxe4 36. Bxe4 Nb7 37. g4 a5 38. Ra3
Rb4 39. Bd3 a4 40. Bf1 Na5 41. Rh3 Nxc4 42. Rxh7+ Ke8 43. Bd3 Ne3 44. Bxg6+ Kd8
45. Kf2 Nxd5 46. Bf5 Nb6 47. Ra7 Rb3 $2 (47... Rxf4+ $1) 48. g5 fxg5 49. fxg5
Rb2+ 50. Kg3 Rb3+ 51. Kh4 a3 $2 52. g6 Nd5 53. g7 Nf6 54. Kg5 Ng8 55. Be6 1-0

[Event "4. Bayer Open"]
[Site "Leverkusen"]
[Date "2007.03.12"]
[Round "6"]
[White "Wirths, Clara"]
[Black "Peschel, Andreas"]
[Result "1/2-1/2"]
[WhiteElo "1901"]
[BlackElo "2114"]
[PlyCount "21"]
[EventDate "2007.??.??"]
[EventType "swiss"]
[EventRounds "7"]
[EventCountry "GER"]
[Source "Manfred Birnkot"]
[SourceDate "2007.03.26"]

1. d4 Nf6 2. Nf3 d6 3. e3 Bg4 4. Be2 c6 5. O-O g6 6. h3 Bxf3 7. Bxf3 Bg7 8. b3
O-O 9. Bb2 Nbd7 10. Nd2 d5 11. c4 1/2-1/2

[Event "4. Bayer Open"]
[Site "Leverkusen"]
[Date "2007.03.12"]
[Round "6"]
[White "Pützkaul, Karl"]
[Black "Werbeck, Thorsten"]
[Result "1/2-1/2"]
[WhiteElo "1874"]
[BlackElo "2102"]
[PlyCount "100"]
[EventDate "2007.??.??"]
[EventType "swiss"]
[EventRounds "7"]
[EventCountry "GER"]
[Source "Manfred Birnkot"]
[SourceDate "2007.03.26"]

1. Nf3 Nf6 2. g3 g6 3. Bg2 Bg7 4. O-O O-O 5. d3 c5 6. Nbd2 Nc6 7. e4 e5 8. c3
Rb8 9. Nc4 d6 10. a4 Be6 11. Ne3 a6 12. h3 h6 13. Qe2 d5 14. exd5 Nxd5 15. Nxd5
Bxd5 16. Be3 Qe7 17. Qd2 Rfd8 18. Bxh6 Bxh6 19. Qxh6 Bxf3 20. Bxf3 Rxd3 21. Be4
Rd6 22. Rad1 {Weiss bietet Remis an.} Rbd8 23. Qc1 Na5 24. Qc2 Kg7 25. Bf3 c4
26. Rxd6 Rxd6 27. Rd1 f5 28. Rxd6 Qxd6 29. Qd1 Qxd1+ 30. Bxd1 Kf6 31. Kf1 e4
32. Ke2 Nc6 33. Ke3 Ke5 34. f4+ Kd5 35. g4 Ne7 36. g5 Ke6 37. Kf2 Nd5 38. Kg3
b5 39. axb5 axb5 40. h4 Nb6 41. h5 gxh5 42. Bxh5 Na4 43. Be8 Nxb2 44. Bxb5 Kf7
45. Ba6 Kg6 46. Bb5 Nd1 47. Bxc4 Nxc3 48. Ba6 e3 49. Kf3 Ne4 50. Kxe3 Nxg5
1/2-1/2

[Event "4. Bayer Open"]
[Site "Leverkusen"]
[Date "2007.03.12"]
[Round "6"]
[White "Schipp, Cyrill"]
[Black "Rosskothen, Arnd"]
[Result "0-1"]
[WhiteElo "1820"]
[BlackElo "1991"]
[PlyCount "92"]
[EventDate "2007.??.??"]
[EventType "swiss"]
[EventRounds "7"]
[EventCountry "GER"]
[Source "Manfred Birnkot"]
[SourceDate "2007.03.26"]

1. e4 c5 2. Nf3 e6 3. d4 cxd4 4. Nxd4 a6 5. c4 Nf6 6. Bd3 Qc7 7. O-O Nc6 8.
Nxc6 dxc6 9. Re1 e5 10. Bd2 Be7 11. Bc3 O-O 12. h3 Re8 13. f4 Nd7 14. f5 Bc5+
15. Kh1 Bd4 16. Qc2 c5 17. Bd2 b6 18. Nc3 Bb7 19. Nd5 Bxd5 20. cxd5 b5 21. Rac1
Rec8 22. b3 Qd6 23. Qd1 {Weiss bietet Remis an.} b4 24. Qe2 a5 25. Be3 f6 26.
Bb5 Bc3 27. Rg1 Nb6 28. g4 h6 29. h4 Kf7 30. Bc6 (30. g5 $1 $18) 30... Rxc6 31.
dxc6 Qxc6 32. Bf2 Rd8 33. Rgd1 Bd4 34. Kg1 a4 35. Qc2 Kg8 36. Re1 axb3 37. axb3
c4 38. bxc4 Qc5 39. Bxd4 Rxd4 40. Qf2 b3 41. Kh2 Nxc4 42. Re2 Qd6 43. Rb1 b2
44. Qe1 Nd2 45. Re3 Nxb1 46. Qxb1 Rd1 0-1

[Event "4. Bayer Open"]
[Site "Leverkusen"]
[Date "2007.03.12"]
[Round "6"]
[White "Kies, Werner"]
[Black "Schläfer, Roland"]
[Result "1/2-1/2"]
[WhiteElo "1952"]
[BlackElo "1973"]
[PlyCount "89"]
[EventDate "2007.??.??"]
[EventType "swiss"]
[EventRounds "7"]
[EventCountry "GER"]
[Source "Manfred Birnkot"]
[SourceDate "2007.03.26"]

1. e4 c6 2. d4 g6 3. f4 d5 4. e5 h5 5. Nf3 Bg4 6. Nbd2 Nh6 7. Bd3 Bf5 8. Bxf5
Nxf5 9. c3 e6 10. Nf1 Be7 11. Qb3 Qb6 12. Ne3 Nxe3 13. Bxe3 Qxb3 14. axb3 Nd7
15. Ke2 O-O 16. h3 c5 17. g4 hxg4 18. hxg4 cxd4 19. Bxd4 f6 20. g5 fxg5 21.
fxg5 Rf5 22. Rh3 a6 23. Rah1 Nf8 24. Rg3 Rc8 25. b4 Kf7 26. Kd3 Ke8 27. b3 Kd7
28. Be3 Re8 29. Rh4 Kc8 30. Rf4 Rxf4 31. Bxf4 Bd8 32. Rh3 Re7 33. Nd4 Rf7 34.
Be3 Bc7 35. Rf3 Rxf3 36. Nxf3 Nd7 37. Bf4 Kd8 38. c4 dxc4+ 39. bxc4 Ke7 40. c5
a5 41. Kc4 axb4 42. Kxb4 Nb8 43. Nh4 Nc6+ 44. Kc4 Kf7 45. Nf3 1/2-1/2

[Event "4. Bayer Open"]
[Site "Leverkusen"]
[Date "2007.03.12"]
[Round "6"]
[White "Werner, Michael"]
[Black "Schmitz, Andreas"]
[Result "1-0"]
[WhiteElo "1975"]
[BlackElo "1880"]
[PlyCount "124"]
[EventDate "2007.??.??"]
[EventType "swiss"]
[EventRounds "7"]
[EventCountry "GER"]
[Source "Manfred Birnkot"]
[SourceDate "2007.03.26"]

1. d4 d5 2. c4 e6 3. Nc3 Nf6 4. Bg5 Be7 5. e3 O-O 6. Rc1 c6 7. Nf3 Nbd7 8. Bd3
dxc4 9. Bxc4 Nd5 10. Bxe7 Qxe7 11. Ne4 Qb4+ 12. Qd2 Qxd2+ 13. Kxd2 N7f6 14. Ng3
Nb6 15. Bb3 Rd8 16. Ke2 Bd7 17. Rhd1 h6 18. Kf1 Kf8 19. Ne5 Be8 20. Nd3 Nbd7
21. e4 Ke7 22. e5 Nd5 23. Bxd5 cxd5 24. Rc7 b6 25. Rdc1 Kf8 26. Ke2 a5 27. f4
g6 28. h4 Kg7 29. Nf1 h5 30. Ne3 Rab8 31. g4 Kh6 32. Kf3 Nf8 33. gxh5 gxh5 34.
f5 Bd7 35. Nf4 Rdc8 36. Nh3 Rxc7 37. Rxc7 exf5 38. Nxd5 Be6 39. Nf6 Ng6 40. Nf4
Rd8 41. Nxe6 Nxh4+ 42. Kg3 fxe6 43. Kxh4 Rxd4+ 44. Kg3 h4+ 45. Kf3 Rd2 46. Rh7+
Kg6 47. Rxh4 Rxb2 48. Ra4 Rb1 49. Nd7 Kf7 50. Rd4 Rb2 51. a4 b5 52. axb5 Rxb5
53. Kf4 Ke7 54. Nf6 Rb7 55. Ke3 Rb3+ 56. Kf4 Rb7 57. Rd6 Ra7 58. Rd3 Rb7 59.
Kg5 a4 60. Kg6 Ra7 61. Rh3 Ra6 62. Rd3 a3 1-0

[Event "4. Bayer Open"]
[Site "Leverkusen"]
[Date "2007.03.12"]
[Round "6"]
[White "Karwatzki, Hans-Jürgen"]
[Black "Schimpf, Rolf"]
[Result "0-1"]
[WhiteElo "1539"]
[BlackElo "1822"]
[PlyCount "114"]
[EventDate "2007.??.??"]
[EventType "swiss"]
[EventRounds "7"]
[EventCountry "GER"]
[Source "Manfred Birnkot"]
[SourceDate "2007.03.26"]

1. e4 d6 2. d4 Nf6 3. Nc3 c6 4. Bc4 b5 5. Bd3 Qc7 6. Bg5 Nbd7 7. Nf3 e5 8. Qe2
Be7 9. O-O O-O 10. Rfe1 Re8 11. Nd1 h6 12. Be3 Nb6 13. Rc1 a5 14. c4 bxc4 15.
Bxc4 Nxc4 16. Qxc4 Bd7 17. d5 c5 18. Nc3 Qb7 19. h3 Rab8 20. b3 Qa7 21. Qe2 Rb4
22. Nd2 Reb8 23. g4 g5 24. Kh2 Nh7 25. Rg1 Nf8 26. h4 Kg7 27. Nf1 Ng6 28. Ng3
Nxh4 29. Nf5+ Nxf5 30. gxf5 f6 31. Qh5 Be8 32. Qh3 Bf7 33. Rg3 Rh8 34. Rcg1 Rh7
35. Kg2 Kh8 36. Rh1 Bd8 37. f4 Be8 38. fxg5 hxg5 39. Qg4 Rxh1 40. Kxh1 Rb7 41.
Rh3+ Rh7 42. Bd2 Qa6 43. Rxh7+ Kxh7 44. Qh3+ Kg7 45. a4 Qb7 46. Nd1 c4 47. bxc4
Bxa4 48. Nf2 Qb1+ 49. Kh2 Qc2 50. Qh5 Qxd2 51. Qg6+ Kf8 52. Qh6+ Ke8 53. Qg6+
Kd7 54. Qf7+ Kc8 55. Qa7 Bc7 56. c5 Qxf2+ 57. Kh1 Qxc5 0-1

[Event "4. Bayer Open"]
[Site "Leverkusen"]
[Date "2007.03.12"]
[Round "6"]
[White "Erdmann, Kristian"]
[Black "Wegener, Marcus"]
[Result "0-1"]
[WhiteElo "1559"]
[BlackElo "1807"]
[PlyCount "134"]
[EventDate "2007.??.??"]
[EventType "swiss"]
[EventRounds "7"]
[EventCountry "GER"]
[Source "Manfred Birnkot"]
[SourceDate "2007.03.26"]

1. e4 c5 2. Nf3 Nc6 3. d4 cxd4 4. Nxd4 Nf6 5. Nc3 e5 6. Nf3 Bb4 7. Bd2 Bxc3 8.
Bxc3 Nxe4 9. Qd5 Nxc3 10. bxc3 O-O 11. Bd3 Qa5 12. Qxa5 Nxa5 13. O-O-O f6 14.
Be4 Rd8 15. Rd5 Nc6 16. Rhd1 Ne7 17. Rb5 d5 18. Bxd5+ Nxd5 19. Rbxd5 Rxd5 20.
Rxd5 Be6 21. Ra5 a6 22. Nd2 Rc8 23. Kb2 Kf7 24. Ne4 Ke7 25. Rc5 Rxc5 26. Nxc5
Bd5 27. g3 Kd6 28. Nb3 f5 29. Nd2 b5 30. a3 g5 31. Kc1 e4 32. Nb3 Bxb3 33. cxb3
Kc5 34. Kd2 a5 35. Ke3 a4 36. bxa4 bxa4 37. g4 fxg4 38. Kxe4 Kc4 39. Ke3 Kxc3
40. Ke4 Kc4 41. Ke3 Kd5 42. Kd3 Ke5 43. Kc4 Kf4 44. Kb4 Kf3 45. Kxa4 Kxf2 46.
Kb4 Kg2 47. a4 Kxh2 48. a5 g3 49. a6 g2 50. a7 g1=Q 51. a8=Q Qg4+ 52. Kc5 h5
53. Qb8+ Qg3 54. Qe8 h4 55. Qe2+ Kh1 56. Kc4 g4 57. Qe4+ Kh2 58. Qe2+ Qg2 59.
Qe5+ g3 60. Kd3 h3 61. Qe1 Qd5+ 62. Kc2 Qc4+ 63. Kb1 Qd3+ 64. Kc1 Qf3 65. Qd2+
Kg1 66. Qd4+ Qf2 67. Qg4 h2 0-1

[Event "4. Bayer Open"]
[Site "Leverkusen"]
[Date "2007.03.12"]
[Round "6"]
[White "Lommen, Frank"]
[Black "Jankowiak, Frank"]
[Result "1-0"]
[WhiteElo "2033"]
[BlackElo "1694"]
[PlyCount "105"]
[EventDate "2007.??.??"]
[EventType "swiss"]
[EventRounds "7"]
[EventCountry "GER"]
[Source "Manfred Birnkot"]
[SourceDate "2007.03.26"]

1. Nf3 c5 2. c4 Nc6 3. Nc3 Nf6 4. g3 e6 5. Bg2 Be7 6. O-O O-O 7. d4 cxd4 8.
Nxd4 a6 9. b3 Qa5 10. Bb2 Rd8 11. e4 Ba3 12. Bxa3 Qxa3 13. Nxc6 bxc6 14. e5 Ne8
15. Bxc6 Rb8 16. Qd4 Qa5 17. Bg2 Bb7 18. Ne4 d5 19. Qc5 Qc7 20. Qxc7 Nxc7 21.
Nd6 Ba8 22. Rac1 dxc4 23. Bxa8 Nxa8 24. Rxc4 Nb6 25. Rc6 a5 26. f4 Nd5 27. Ra6
Ra8 28. Rxa8 Rxa8 29. Rc1 Kf8 30. Rc5 a4 31. Rc8+ Rxc8 32. Nxc8 axb3 33. axb3
f6 34. exf6 gxf6 35. Kf2 Ke8 36. Nd6+ Kd7 37. Nc4 Kc6 38. Ke2 Kc5 39. Kd3 Kb4
40. Nd2 Nc3 {Schwarz bietet Remis an.} 41. Nf3 Nd5 42. Nd4 Nc7 43. Ke4 Kc3 44.
g4 h6 45. h4 Kb4 46. h5 Kc5 47. g5 fxg5 48. fxg5 hxg5 49. h6 Ne8 50. Ke5 g4 51.
h7 Nd6 52. b4+ Kxb4 53. Kxe6 1-0

[Event "4. Bayer Open"]
[Site "Leverkusen"]
[Date "2007.03.12"]
[Round "6"]
[White "Ziabari, Morteza"]
[Black "Marino, Eric"]
[Result "1-0"]
[WhiteElo "1880"]
[BlackElo "1623"]
[PlyCount "71"]
[EventDate "2007.??.??"]
[EventType "swiss"]
[EventRounds "7"]
[EventCountry "GER"]
[Source "Manfred Birnkot"]
[SourceDate "2007.03.26"]

1. e4 e5 2. Nf3 Nf6 3. Nc3 Nc6 4. Bc4 Be7 5. O-O d6 6. Ng5 O-O 7. f4 h6 8. Nf3
Bg4 9. h3 Bxf3 10. Rxf3 Nd4 11. Rf1 c6 12. a4 Qb6 13. Kh1 Rad8 14. a5 Qc7 15.
d3 d5 16. fxe5 Qxe5 17. Bf4 Qh5 18. Qxh5 Nxh5 19. exd5 Nxc2 20. Rac1 Nb4 21.
dxc6 Nxc6 22. Nd5 Nxf4 23. Nxe7+ Nxe7 24. Rxf4 Ng6 25. Rf5 Ne7 26. Rf3 Ng6 27.
Re1 Rd7 28. b4 Kh7 29. g3 f6 30. Be6 Re7 31. d4 Rfe8 32. Rfe3 Nf8 33. Bg8+ Kxg8
34. Rxe7 Rd8 35. Rxb7 Rxd4 36. Re8 1-0

[Event "4. Bayer Open"]
[Site "Leverkusen"]
[Date "2007.03.12"]
[Round "6"]
[White "Wieland, Ingo"]
[Black "Birnkott, Manfred"]
[Result "1/2-1/2"]
[WhiteElo "1688"]
[BlackElo "1905"]
[PlyCount "114"]
[EventDate "2007.??.??"]
[EventType "swiss"]
[EventRounds "7"]
[EventCountry "GER"]
[Source "Manfred Birnkot"]
[SourceDate "2007.03.26"]

1. e4 c5 2. Nf3 d6 3. d4 cxd4 4. Nxd4 Nf6 5. Nc3 g6 6. Be3 Bg7 7. f3 O-O 8. Qd2
Nc6 9. Bc4 Bd7 10. O-O-O Rc8 11. Bb3 Ne5 12. Kb1 Nc4 13. Bxc4 Rxc4 14. g4 a6
15. b3 Rc8 16. g5 Nh5 17. Nde2 b5 18. Bd4 Be6 19. Bxg7 Nxg7 20. Nd5 Bxd5 21.
Qxd5 Rc5 22. Qd2 Qc7 23. Nf4 Rc8 24. Nd5 Qb7 25. Rc1 Ne6 26. h4 Ng7 27. Nf4 Nh5
28. Nd5 R5c6 29. Nb4 R6c7 30. Nd5 Rc6 31. Nb4 Rc3 32. Qd5 Qb6 33. Qd1 e6 34.
Nd3 a5 35. Qd2 a4 36. Rhd1 axb3 37. cxb3 Qd4 38. Rxc3 Rxc3 39. Nb2 Qxd2 40.
Rxd2 Rc6 41. Nd3 Kf8 42. Kb2 Ke7 43. Nb4 Rb6 44. Rc2 Kd7 45. Nd3 Rb8 46. Rd2
Rc8 47. Ne5+ Ke7 48. Nd3 f6 49. Rc2 Rxc2+ 50. Kxc2 Kd7 51. Kc3 Kc6 52. Nb4+ Kb6
53. Nd3 fxg5 54. hxg5 e5 55. a3 Ng7 56. f4 exf4 57. Nxf4 Kc6 1/2-1/2

[Event "4. Bayer Open"]
[Site "Leverkusen"]
[Date "2007.03.12"]
[Round "6"]
[White "Schreiber, Gudrun"]
[Black "Proba, Stefan"]
[Result "1/2-1/2"]
[WhiteElo "1311"]
[BlackElo "1882"]
[PlyCount "54"]
[EventDate "2007.??.??"]
[EventType "swiss"]
[EventRounds "7"]
[EventCountry "GER"]
[Source "Manfred Birnkot"]
[SourceDate "2007.03.26"]

1. e4 c5 2. Nf3 Nf6 3. Nc3 d5 4. exd5 Nxd5 5. Bc4 Nb6 6. Be2 Nc6 7. d3 Bf5 8.
Bf4 e6 9. Nb5 Rc8 10. O-O a6 11. Nc3 Be7 12. a3 O-O 13. Re1 Nd4 14. Ne4 Nd5 15.
Be5 Nxe2+ 16. Qxe2 f6 17. Bg3 e5 18. Nfd2 b5 19. c4 Nb6 20. b3 Qd7 21. Nf3 Rfd8
22. Rad1 bxc4 23. dxc4 Qc6 24. Nc3 Bg4 25. Qe3 Bxf3 26. gxf3 Rd4 27. f4 Bd6
1/2-1/2

[Event "4. Bayer Open"]
[Site "Leverkusen"]
[Date "2007.03.12"]
[Round "6"]
[White "Weinmann-Musset, Manfred"]
[Black "Runte, Dirk"]
[Result "1-0"]
[WhiteElo "1852"]
[BlackElo "1683"]
[PlyCount "71"]
[EventDate "2007.??.??"]
[EventType "swiss"]
[EventRounds "7"]
[EventCountry "GER"]
[Source "Manfred Birnkot"]
[SourceDate "2007.03.26"]

1. d4 Nf6 2. c4 g6 3. Nc3 Bg7 4. e4 d6 5. Be2 O-O 6. g4 e5 7. d5 c6 8. h4 Qa5
9. Bd2 Qb6 10. g5 Ne8 11. h5 f5 12. hxg6 hxg6 13. Be3 Qxb2 14. Na4 Qb4+ 15. Bd2
Qa3 16. Rh3 Qxh3 17. Nxh3 fxe4 18. Bg4 Na6 19. Bxc8 Rxc8 20. Qg4 Nec7 21. Qxe4
b5 22. Nc3 Nc5 23. Qxg6 bxc4 24. Ke2 cxd5 25. Rh1 d4 26. Ne4 d3+ 27. Kd1 Nxe4
28. Qxe4 d5 29. Qh4 d4 30. g6 Rfe8 31. Qh7+ Kf8 32. Bb4+ Re7 33. Bxe7+ Kxe7 34.
Qxg7+ Kd6 35. Qf6+ Kc5 36. Nf4 1-0

[Event "4. Bayer Open"]
[Site "Leverkusen"]
[Date "2007.03.12"]
[Round "6"]
[White "Romaker, Johann"]
[Black "Granz, Thomas"]
[Result "1-0"]
[WhiteElo "1863"]
[BlackElo "1687"]
[PlyCount "63"]
[EventDate "2007.??.??"]
[EventType "swiss"]
[EventRounds "7"]
[EventCountry "GER"]
[Source "Manfred Birnkot"]
[SourceDate "2007.03.26"]

1. e4 e5 2. Nf3 Nc6 3. d4 exd4 4. Nxd4 Bc5 5. Nf5 Qf6 6. Nc3 Nge7 7. Ne3 d6 8.
Bb5 Bd7 9. O-O O-O-O 10. Ned5 Qg6 11. Qd3 Rhe8 12. b4 Nxb4 13. Bxd7+ Rxd7 14.
Nxb4 Bxb4 15. f3 Bc5+ {Schwarz bietet Remis an.} 16. Be3 Bxe3+ 17. Qxe3 Nc6 18.
Qd3 a6 19. Rab1 Ne5 20. Qe3 Nc6 21. Qd3 Ne5 22. Qd5 c6 23. Qb3 Qe6 24. Qb6 Nc4
25. Qa7 Rc7 26. Na4 Nd2 27. Nb6+ Kd8 28. Qb8+ Rc8 29. Nxc8 Qxc8 30. Qxd6+ Qd7
31. Qxd7+ Kxd7 32. Rfd1 1-0

[Event "4. Bayer Open"]
[Site "Leverkusen"]
[Date "2007.03.12"]
[Round "6"]
[White "Bosbach, Jens"]
[Black "Buchfelder, Gerhard"]
[Result "1-0"]
[WhiteElo "1867"]
[BlackElo "1497"]
[PlyCount "91"]
[EventDate "2007.??.??"]
[EventType "swiss"]
[EventRounds "7"]
[EventCountry "GER"]
[Source "Manfred Birnkot"]
[SourceDate "2007.03.26"]

1. d4 Nf6 2. Nf3 e6 3. e3 b6 4. Nbd2 Bb7 5. Be2 c5 6. O-O d5 7. Ne5 Nbd7 8. f4
Bd6 9. c3 O-O 10. Bd3 Ne8 11. g4 f5 12. g5 g6 13. Ndf3 Ng7 14. Bd2 c4 15. Be2
Re8 16. h4 Bf8 17. Kf2 Re7 18. Rh1 Qe8 19. Nxd7 Rxd7 20. Ne5 Re7 21. h5 gxh5
22. Bxh5 Nxh5 23. Rxh5 Bg7 24. Qh1 Bxe5 25. fxe5 Rg7 26. Rg1 Qf7 27. Qh4 Bc6
28. g6 Qe7 29. Rxh7 Qxh4+ 30. Rxh4 Be8 31. Rh6 Rc8 32. Kf3 Rcc7 33. Be1 Kf8 34.
Bh4 Ba4 35. Bf6 Rg8 36. Rh7 Rxg6 37. Rh8+ Kf7 38. Rgh1 Rxf6 39. R8h7+ Kg8 40.
Rxc7 Rg6 41. Rxa7 Bc2 42. Kf2 Be4 43. Rg1 Rxg1 44. Kxg1 Bc2 45. Rb7 Bb1 46. a3
1-0

[Event "4. Bayer Open"]
[Site "Leverkusen"]
[Date "2007.03.12"]
[Round "6"]
[White "Schüppen, Heinrich"]
[Black "Bauer, Matthias"]
[Result "1-0"]
[WhiteElo "1674"]
[BlackElo "1490"]
[PlyCount "133"]
[EventDate "2007.??.??"]
[EventType "swiss"]
[EventRounds "7"]
[EventCountry "GER"]
[Source "Manfred Birnkot"]
[SourceDate "2007.03.26"]

1. d4 d5 2. Nf3 Nf6 3. Bg5 e6 4. e3 Be7 5. Bd3 h6 6. Bh4 O-O 7. Nbd2 Nbd7 8.
O-O c5 9. c3 a6 10. Ne5 Nxe5 11. dxe5 Nd7 12. Bxe7 Qxe7 13. f4 b5 14. Qh5 c4
15. Bc2 Nc5 16. Rf3 Bb7 17. Rg3 Kh8 18. Nf3 Ne4 19. Bxe4 dxe4 20. Nd4 f5 21.
exf6 Rxf6 22. Qe5 Bd5 23. f5 Rd8 24. fxe6 Bxe6 25. Qxe4 Qd6 26. Rg6 Bd5 27.
Rxf6 Qxf6 28. Qf4 Qe7 29. Rf1 Re8 30. Nf5 Qc5 31. Re1 Re6 32. Qd4 Qxd4 33. Nxd4
Re4 34. Kf2 Re7 35. Rd1 Rf7+ 36. Nf3 Bb7 37. Rd6 Kh7 38. Kg3 Re7 39. Kf2 Rf7
40. Ke2 Re7 41. g3 Bc8 42. Rd4 Bb7 43. Nd2 Kg6 44. e4 Re5 45. Ke3 Kf6 46. Rd7
Bc8 47. Rc7 Bg4 48. Rc6+ Re6 49. Rxe6+ Bxe6 50. h4 g5 51. Kd4 gxh4 52. gxh4 Bc8
53. Nf3 Ke6 54. Ne5 Bb7 55. Ng6 Kf7 56. Nf4 Ke7 57. Ke5 Bc8 58. Nd5+ Kf7 59.
Kd6 h5 60. a3 Bb7 61. e5 Bc8 62. Nc7 a5 63. e6+ Bxe6 64. Nxe6 Kg6 65. Nd4 b4
66. axb4 axb4 67. cxb4 1-0